[Event "GM"]
[Site "Biel SUI"]
[Date "2007.07.25"]
[Round "3"]
[White "Bu Xiangzhi"]
[Black "Polgar,Ju"]
[Result "1-0"]
[WhiteElo "2685"]
[BlackElo "2707"]

1.Nf3 Nf6 2.c4 c5 3.Nc3 Nc6 4.g3 e6 5.Bg2 d5 6.cxd5 Nxd5 7.d4 Be7 8.O-O O-O
9.Nxd5 exd5 10.dxc5 Bxc5 11.Bg5 Qd7 12.Ne1 Re8 13.Nd3 Bb6 14.Bd2 Qd6 15.Nf4 Bg4
16.a4 Rad8 17.a5 Bc5 18.Re1 a6 19.Rc1 Ne5 20.h3 Bf5 21.Qb3 Nc4 22.Red1 Be6
23.Be1 b5 24.axb6 Nxb6 25.Qa2 Bb4 26.Bxb4 Qxb4 27.Qxa6 Nc4 28.Nxd5 Bxd5 29.Rxd5 Rxd5
30.Bxd5 Nb6 31.Ba2 h6 32.Rc7 Rd8 33.Rxf7 Kh8 34.Qa3  1-0

[Event "GM"]
[Site "Biel SUI"]
[Date "2007.07.27"]
[Round "4"]
[White "Radjabov,T"]
[Black "Polgar,Ju"]
[Result "1/2-1/2"]
[WhiteElo "2746"]
[BlackElo "2707"]

1.d4 Nf6 2.c4 e6 3.Nc3 Bb4 4.g3 c5 5.Nf3 d5 6.Bg2 Nc6 7.O-O dxc4 8.dxc5 Qxd1
9.Rxd1 Bxc5 10.Nd2 Na5 11.Nde4 Nxe4 12.Nxe4 Be7 13.Bd2 Nc6 14.Bc3 f6 15.Nd2 e5
16.Nxc4 Be6 17.Nd6+ Bxd6 18.Rxd6 Ke7 19.Rad1 Rhd8 20.Rxd8 Rxd8 21.Rxd8 Kxd8
22.a3 Kc7 23.f4 b6 24.Kf2 Kd6 25.Be4 g6 26.Bd3 Bd5 27.Ke3 Bb3 28.h4 Ne7 29.Kf3 Ke6
30.e4 exf4 31.gxf4 f5 32.e5 Nd5 33.Bd2 Bd1+ 34.Kg3 h5 35.Bb5 Ke7 36.Bb4+ Kf7
37.Bc4 Ke6 38.Bd6 Ba4 39.Ba6 Kd7 40.Bb8 Bc6 41.Bc4 Ne7 42.b3 Bd5 43.Bb5+ Nc6
44.b4  1/2-1/2

[Event "GM"]
[Site "Biel SUI"]
[Date "2007.07.28"]
[Round "5"]
[White "Polgar,Ju"]
[Black "Avrukh,B"]
[Result "1/2-1/2"]
[WhiteElo "2707"]
[BlackElo "2645"]

1.e4 e5 2.Nf3 Nc6 3.Bb5 Nf6 4.d3 Bc5 5.O-O d6 6.c3 O-O 7.Nbd2 Bb6 8.Nc4 Ne7
9.Ba4 Ng6 10.Bc2 Re8 11.h3 c6 12.Nxb6 axb6 13.Re1 h6 14.d4 b5 15.a4 bxa4
16.Rxa4 Rxa4 17.Bxa4 exd4 18.Qxd4 c5 19.Qd3 Bd7 20.Bb3 Qb6 21.Bc2 Qc7 22.Re3 Bc6
23.Qe2 Ra8 24.c4 Ra1 25.Qd1 Qe7 26.Nd2 Nf4 27.Re1 Ne6 28.Nb3 Ra8 29.Bd2 Nd7
30.Bc3 Ne5 31.Nd2 Nd4 32.Bxd4 cxd4 33.Nf3 Nxf3+ 34.Qxf3 Qe5 35.Rd1  1/2-1/2

[Event "GM"]
[Site "Biel SUI"]
[Date "2007.07.31"]
[Round "7"]
[White "Polgar,Ju"]
[Black "Onischuk,Al"]
[Result "1/2-1/2"]
[WhiteElo "2707"]
[BlackElo "2650"]

1.e4 e5 2.Nf3 Nc6 3.Bb5 a6 4.Ba4 Nf6 5.O-O Be7 6.Re1 b5 7.Bb3 O-O 8.d4 Nxd4
9.Nxd4 exd4 10.e5 Ne8 11.Qxd4 Bb7 12.Qg4 c5 13.c3 d5 14.Bc2 Bc8 15.Qe2 g6
16.Bh6 Ng7 17.Nd2 Re8 18.Bxg7 Kxg7 19.f4 Qb6 20.Rad1 f5 21.Nf3 Be6 22.Kh1 Rad8
23.Qf2 a5 24.h4 Rd7 25.Kh2 h5 26.b4 axb4 27.cxb4 d4 28.bxc5 Bxc5 29.Bd3 Ra8
30.Re2 Rda7 31.Rdd2 Bc4 32.e6 Bxe6 33.Ne5 Bc4 34.Qf3 Qf6 35.g3 Bxd3 36.Nxd3 Rc8
37.Rc2 Qd6 38.Re5 Rac7 39.Rce2 Qc6 40.Rd5 Rd7 41.Rxd7+ Qxd7 42.Ne5 Qc7 43.Rc2 Qb6
44.Qd5 Rc7 45.Nf3 d3 46.Qxd3 Be7 47.Re2 Bf6 48.Ng5 Bxg5 49.hxg5 Qc5 50.Qd8 Ra7
51.Kh3 Qc4 52.Rd2 Kh7 53.Kh2 Rxa2 54.Qe7+ Kg8 55.Qe8+ Kg7 56.Qe7+  1/2-1/2

[Event "GM"]
[Site "Biel SUI"]
[Date "2007.08.01"]
[Round "8"]
[White "Grischuk,A"]
[Black "Polgar,Ju"]
[Result "1/2-1/2"]
[WhiteElo "2726"]
[BlackElo "2707"]

1.e4 e5 2.Nf3 Nf6 3.Nxe5 d6 4.Nf3 Nxe4 5.d4 d5 6.Bd3 Nc6 7.O-O Be7 8.c4 Nb4
9.cxd5 Nxd3 10.Qxd3 Qxd5 11.Re1 Bf5 12.Ne5 Nd6 13.Nc3 Qa5 14.Qe2 O-O 15.b4 Qa6
16.Qxa6 bxa6 17.Nd5 Bd8 18.Nc6 Be6 19.Nde7+ Bxe7 20.Nxe7+ Kh8 21.d5 Rae8
22.Bg5 h6 23.dxe6 hxg5 24.exf7 Rxf7 25.Nc6 Rxe1+ 26.Rxe1 Rf4 27.Rc1 g4 28.g3 Re4
29.Kf1 a5 30.bxa5 Ra4 31.Nxa7 Rxa5 32.Nc6 Rxa2 33.Ne5 Ra4 34.Rxc7 Ne4 35.Kg2 Nf6
36.Nf7+ Kh7 37.Ng5+ Kh6 38.Ne6 Ra2 39.Nxg7 Kg6 40.Ne6 Nd5 41.Rc1 Rd2 42.Re1 Kf5
43.Re2 Rd1 44.Nc5 Nf6 45.h3 gxh3+ 46.Kxh3 Rd4 47.Kg2 Rd6 48.f3 Rd4 49.Ne4 Nd5
50.Rd2 Rxd2+ 51.Nxd2 Kg5 52.Kf2 Kf5 53.Nc4 Nb4 54.Ke2 Nc6 55.Ke3 Ne7 56.Nb2 Nd5+
57.Kf2 Nf6 58.Nd3 Kg5 59.f4+ Kg4 60.Ne5+ Kh3 61.Kf3 Ng4 62.Nd3 Nh2+ 63.Ke4 Ng4
64.Ne5 Nf6+ 65.Kf3 Ng4 66.Nc4 Nh2+ 67.Ke4 Nf1 68.Ne3 Nxg3+ 69.Ke5 Kh2 70.Kd6 Nh5
71.f5 Ng7 72.f6  1/2-1/2

[Event "Blindfold World Cup"]
[Site "Bilbao ESP"]
[Date "2007.10.17"]
[Round "3"]
[White "Polgar,Ju"]
[Black "Karjakin,Sergey"]
[Result "1/2-1/2"]
[WhiteElo "2708"]
[BlackElo "2694"]

1.e4 c5 2.Nf3 Nc6 3.d4 cxd4 4.Nxd4 Nf6 5.Nc3 e5 6.Ndb5 d6 7.Nd5 Nxd5 8.exd5 Nb8
9.c4 Be7 10.Be2 O-O 11.O-O a6 12.Nc3 Nd7 13.Rb1 f5 14.b4 e4 15.c5 Ne5 16.Bb2 Bd7
17.a4 Bf6 18.Rc1 Kh8 19.Ba3 Ng6 20.f4 exf3 21.Bxf3 Ne5 22.Qb3 Rc8 23.Be2 Bg5
24.Rcd1 dxc5 25.bxc5 Be3+ 26.Kh1 Bxc5 27.d6 Bxa3 28.Qxa3 f4 29.Nd5 Qg5 30.Nb6 Bc6
31.Bf3 Bxf3 32.gxf3 Rc2 33.Rg1 Qh6 34.Rg2 Rxg2 35.Kxg2 Qg6+ 36.Kh1 Qc2 37.Rc1 Qf2
38.d7 Rg8 39.Qb3 Rd8 40.a5 Nxf3 41.Qc2 Nd2 42.Qd1 Qe3 43.Rc8 Qe4+ 44.Kg1 Qe3+
45.Kg2 Qe4+ 46.Kg1  1/2-1/2

[Event "Blindfold World Cup"]
[Site "Bilbao ESP"]
[Date "2007.10.17"]
[Round "4"]
[White "Karjakin,Sergey"]
[Black "Polgar,Ju"]
[Result "1-0"]
[WhiteElo "2694"]
[BlackElo "2708"]

1.e4 c5 2.Nf3 d6 3.d4 cxd4 4.Nxd4 Nf6 5.Nc3 a6 6.Bg5 e6 7.f4 Be7 8.Qf3 Nc6
9.O-O-O Nxd4 10.Rxd4 Qc7 11.Be2 O-O 12.Rhd1 Ne8 13.Bxe7 Qxe7 14.e5 d5 15.f5 f6
16.Nxd5 exd5 17.Qxd5+ Kh8 18.e6 g6 19.Qd8 Qxd8 20.Rxd8 Kg7 21.g4 Rb8 22.R1d3 Nc7
23.Bf3 Re8 24.R8d7+ Bxd7 25.Rxd7+ Kh6 26.Rxc7 gxf5 27.gxf5 Kg5 28.Bxb7 Kxf5
29.Bc6 Rg8 30.e7 Kf4 31.Ra7 f5 32.Rxa6 Ke3 33.Ra3+ Ke2 34.Rg3 Rge8 35.Bxe8 Rxe8
36.Rg5 f4 37.Re5+ Kf2 38.Kd2 f3 39.c4 Kf1 40.Ke3 f2 41.Kf3 Kg1 42.Rg5+ Kf1
43.Rg2 Rxe7 44.Rxf2+ Ke1 45.Rc2  1-0

[Event "Blindfold World Cup"]
[Site "Bilbao ESP"]
[Date "2007.10.19"]
[Round "7"]
[White "Polgar,Ju"]
[Black "Carlsen,M"]
[Result "1/2-1/2"]
[WhiteElo "2708"]
[BlackElo "2714"]

1.e4 e5 2.Nf3 Nc6 3.Bb5 a6 4.Ba4 Nf6 5.O-O b5 6.Bb3 Bc5 7.c3 d6 8.d4 Bb6
9.Bg5 h6 10.Bh4 O-O 11.Nbd2 exd4 12.Bd5 Bd7 13.Nxd4 Bxd4 14.cxd4 g5 15.Bxc6 Bxc6
16.d5 Bxd5 17.exd5 gxh4 18.Nf3 Re8 19.Qd2 Kg7 20.Rfe1 h3 21.Nh4 Qd7 22.Qf4 Qg4
23.Nf5+ Kg6 24.Nh4+ Kg7 25.Nf5+ Kg6 26.Nh4+  1/2-1/2

[Event "Blindfold World Cup"]
[Site "Bilbao ESP"]
[Date "2007.10.20"]
[Round "9"]
[White "Bu Xiangzhi"]
[Black "Polgar,Ju"]
[Result "1-0"]
[WhiteElo "2692"]
[BlackElo "2708"]

1.d4 Nf6 2.c4 g6 3.g3 Bg7 4.Bg2 O-O 5.Nc3 d6 6.Nf3 Nc6 7.O-O Bf5 8.b3 e5
9.dxe5 Nd7 10.Bg5 Qc8 11.Qd2 dxe5 12.Rad1 Nc5 13.Bh6 Ne4 14.Nxe4 Bxe4 15.Bxg7 Kxg7
16.Qe3 f5 17.Bh3 Bxf3 18.exf3 Qe6 19.f4 Rae8 20.Bg2 e4 21.f3 Qf6 22.fxe4 fxe4
23.Rd7+ Rf7 24.Rxf7+ Kxf7 25.Rd1 Re7 26.h4 Nb4 27.Rd2 b6 28.a3 Nd3 29.Kh2 Kg7
30.b4 Qc3 31.h5 Qxc4 32.f5 Re5 33.h6+ Kf6 34.fxg6 Kxg6 35.Re2 Rh5+ 36.Kg1 Qc1+
37.Qxc1 Nxc1 38.Rc2 Nb3 39.Bxe4+ Kxh6 40.Rxc7 Re5 41.Rxh7+ Kg5 42.Bf3 Nd4
43.Kf2 Nxf3 44.Kxf3 a5 45.Rd7 axb4 46.axb4 Rb5 47.Rd4 Re5 48.Re4 Rf5+ 49.Ke3 Rd5
50.Rd4 Re5+ 51.Kd3 b5 52.Re4 Rd5+ 53.Ke3 Kf5 54.Rd4 Re5+ 55.Kf3 Kg5 56.Rd8 Kf5
57.Rc8 Kf6 58.Rc5 Re1 59.Rxb5 Rb1 60.Kf4 Rf1+ 61.Kg4 Rb1 62.Rb6+ Kf7 63.Kg5 Rb3
64.g4 Rb1 65.Rb7+ Ke6 66.Kg6 Kd6 67.b5 Kd5  1-0

[Event "TCh-HUN 2007-8"]
[Site "Budapest HUN"]
[Date "2007.12.09"]
[Round "4"]
[White "Berkes,F"]
[Black "Polgar,Ju"]
[Result "1/2-1/2"]
[WhiteElo "2606"]
[BlackElo "2708"]

1.d4 Nf6 2.c4 g6 3.Nf3 Bg7 4.g3 O-O 5.Bg2 d6 6.O-O Nc6 7.Nc3 Rb8 8.Qd3 e5
9.dxe5 dxe5 10.Qxd8 Rxd8 11.Bg5 Be6 12.Nd2 h6 13.Bxf6 Bxf6 14.Rfd1 Nd4 15.e3 Nc2
16.Rab1 Bg5 17.Nf3 Bxc4 18.Nxe5 Be6 19.Rxd8+ Bxd8 20.Bd5 Bf6 21.Bxe6 Bxe5
22.Bb3 Bxc3 23.Bxc2  1/2-1/2

[Event "2nd ACP World Rapid Cup"]
[Site "Odessa UKR"]
[Date "2008.01.05"]
[Round "1.1"]
[White "Polgar,Ju"]
[Black "Karjakin,Sergey"]
[Result "0-1"]
[WhiteElo "2707"]
[BlackElo "2732"]

1.e4 c5 2.Nf3 d6 3.c3 Nf6 4.Be2 Bg4 5.O-O e6 6.h3 Bh5 7.d4 Nxe4 8.d5 Nd7
9.Re1 Be7 10.Bc4 exd5 11.Bxd5 Nef6 12.Bxb7 Rb8 13.Bc6 O-O 14.g4 Bg6 15.c4 Nb6
16.Nc3 Nxc4 17.Qe2 Ne5 18.Nxe5 dxe5 19.g5 Ne8 20.h4 f6 21.Rd1 Nd6 22.Be3 Kh8
23.Bxc5 Qc7 24.Bxd6 Bxd6 25.Be4 f5 26.h5 Be8 27.Bg2 e4 28.Nd5 Qf7 29.g6 hxg6
30.hxg6 Qxg6 31.Qe3 Rxb2 32.Rac1 Qh7 33.Nf4 Qh6 34.Qd4 Bxf4 35.Qxb2 Bxc1
36.Rxc1 Bh5 37.Qa3 Rd8 38.Rb1 Qg5 39.Kh2 Qf4+ 40.Qg3 Qxg3+ 41.Kxg3 g5 42.Rb5 Bg6
43.Ra5 Rd7 44.Bh3 Rf7 45.Bf1 Kg7 46.Bc4 Rc7 47.Bb3 Kf6 48.Ra6+ Kg7 49.Ra5 Bh7
50.Ra6 Re7 51.Be6 Bg6 52.Bc4 Bh5 53.Ra5 f4+ 54.Kg2 Kf6 55.Ra6+ Ke5 56.Kf1 Bf3
57.Ra5+  0-1

[Event "2nd ACP World Rapid Cup"]
[Site "Odessa UKR"]
[Date "2008.01.05"]
[Round "1.2"]
[White "Karjakin,Sergey"]
[Black "Polgar,Ju"]
[Result "1-0"]
[WhiteElo "2732"]
[BlackElo "2707"]

1.e4 c5 2.Nf3 a6 3.c3 e6 4.d4 d5 5.e5 Nc6 6.Be2 Bd7 7.O-O Rc8 8.a3 c4 9.Ng5 Na5
10.Be3 Nb3 11.Ra2 Ne7 12.f4 Nf5 13.Bf2 Be7 14.Nf3 h5 15.Nbd2 Ba4 16.Qe1 Kd7
17.Nxb3 Bxb3 18.Ra1 Qb6 19.g3 Nh6 20.Qd2 h4 21.Ne1 hxg3 22.hxg3 Rcg8 23.g4 g5
24.f5 Nxf5 25.gxf5 exf5 26.Bg3 Qe6 27.Rf2 f4 28.Bh2 Rh4 29.Rg2 Rgh8 30.Nf3 Rh3
31.Nxg5 f3 32.Nxe6 fxg2 33.Nc5+ Kc6 34.Qf4 Bc2 35.Qxf7 Bxc5 36.Qe6+ Kc7 37.dxc5 R3h6  1-0

[Event "TCh-HUN 2007-8"]
[Site "Budapest HUN"]
[Date "2008.03.02"]
[Round "7"]
[White "Polgar,Ju"]
[Black "Alekseev,Evgeny"]
[Result "1/2-1/2"]
[WhiteElo "2708"]
[BlackElo "2716"]

1.e4 e5 2.Nf3 Nc6 3.Bb5 Nf6 4.O-O Nxe4 5.d4 Nd6 6.Bxc6 dxc6 7.dxe5 Nf5 8.Qxd8+ Kxd8
9.Nc3 Ne7 10.h3 Ke8 11.Be3 Nd5 12.Nxd5 cxd5 13.Rad1 Be6 14.c3 Be7 15.Rd2 h5
16.Bg5 c5 17.Rfd1 b6 18.a3 Rd8 19.Bf4 h4 20.Bg5 Rh5 21.Bxe7 Kxe7 22.b4 Rc8
23.bxc5 Rxc5 24.Rc1 Rh8 25.Rd3 Rc4 26.Rd4 Rhc8 27.Rxc4 Rxc4 28.Nd4 Bd7 29.Kf1 Ra4
30.Ra1 Rc4 31.Rc1 Ra4 32.Ra1 Rc4 33.Rc1  1/2-1/2

[Event "TCh-HUN 2008-9"]
[Site "Nagykanizsa HUN"]
[Date "2008.11.02"]
[Round "2"]
[White "Khenkin,I"]
[Black "Polgar,Ju"]
[Result "1-0"]
[WhiteElo "2647"]
[BlackElo "2711"]

1.d4 Nf6 2.c4 e6 3.Nc3 Bb4 4.Qc2 O-O 5.e4 d5 6.e5 Ne4 7.Bd3 c5 8.Ne2 cxd4
9.Nxd4 f5 10.exf6 Qxf6 11.Be3 e5 12.Nb5 Nxc3 13.bxc3 e4 14.Be2 a6 15.Bd4 Qf7
16.cxb4 axb5 17.cxb5 Qg6 18.Qb3 Be6 19.O-O Rf5 20.Rac1 Nd7 21.Rc7 Raf8 22.Rfc1 Rg5
23.g3 h5 24.h4 Rgf5 25.Rxb7 Kh7 26.Rc6 Ne5 27.Rcc7 Bf7 28.Bxe5 Rxe5 29.Qc3 Re6
30.Qe3 Qf6 31.Qa7 Kg8 32.Bxh5 g6 33.Bg4 Ree8 34.Qb6 Qxb6 35.Rxb6 e3 36.fxe3 Rxe3
37.Kh2 d4 38.Rd6 Be8 39.b6 Rf2+ 40.Kh3 Re1 41.Be6+  1-0

[Event "38th Olympiad"]
[Site "Dresden GER"]
[Date "2008.11.13"]
[Round "1"]
[White "Polgar,Ju"]
[Black "Ghaem Maghami,E"]
[Result "1/2-1/2"]
[WhiteElo "2711"]
[BlackElo "2599"]

1.e4 e5 2.Nf3 Nf6 3.Nxe5 d6 4.Nf3 Nxe4 5.Nc3 Nxc3 6.dxc3 Be7 7.Bf4 Nc6 8.Qd2 Be6
9.g3 Qd7 10.O-O-O O-O 11.h4 Rae8 12.Ng5 Bg4 13.Bd3 h6 14.Nh7 Bxd1 15.Rxd1 Qe6
16.Kb1 Ne5 17.Nxf8 Bxf8 18.Bf1 a6 19.b3 c6 20.Qd4 Qf6 21.Bh3 d5 22.Bc1 h5
23.Re1 Qd6 24.Qd1 Qd8 25.Qxh5 Nd7 26.Rxe8 Qxe8 27.Qf3 Nc5 28.h5 Qe1 29.Bf5 g6
30.Bg4 Ne4 31.Qe3 Nxc3+ 32.Kb2 Na4+ 33.Kb1 Nc3+ 34.Kb2 Na4+ 35.Kb1  1/2-1/2

[Event "38th Olympiad"]
[Site "Dresden GER"]
[Date "2008.11.15"]
[Round "3"]
[White "Laznicka,V"]
[Black "Polgar,Ju"]
[Result "1/2-1/2"]
[WhiteElo "2591"]
[BlackElo "2711"]

1.d4 Nf6 2.c4 e6 3.Nf3 c5 4.d5 d6 5.Nc3 exd5 6.cxd5 g6 7.Bf4 a6 8.e4 b5 9.Qe2 Nh5
10.Bg5 Be7 11.Bh6 Bf8 12.Qd2 Bxh6 13.Qxh6 Qe7 14.Bd3 Bg4 15.Nd2 Nd7 16.f3 Ne5
17.Be2 Bd7 18.f4 Ng4 19.Bxg4 Qh4+ 20.g3 Qxg4 21.Nd1 Nxg3 22.hxg3 Qxg3+ 23.Kf1 Qd3+
24.Ke1 Qg3+ 25.Kf1 b4 26.b3 Qd3+ 27.Ke1 Qg3+ 28.Kf1 Qd3+ 29.Ke1 Qg3+ 30.Kf1 Qd3+  1/2-1/2

[Event "38th Olympiad"]
[Site "Dresden GER"]
[Date "2008.11.16"]
[Round "4"]
[White "Polgar,Ju"]
[Black "Istratescu,A"]
[Result "1/2-1/2"]
[WhiteElo "2711"]
[BlackElo "2633"]

1.e4 e5 2.Nf3 Nf6 3.d4 Nxe4 4.Bd3 d5 5.dxe5 Nc6 6.O-O Bg4 7.Nc3 Nxc3 8.bxc3 Bc5
9.Re1 O-O 10.h3 Bh5 11.Bf5 Kh8 12.g4 Bg6 13.Qd3 Ne7 14.Bg5 c6 15.Bh4 Qc7
16.Kg2 Rae8 17.Bg3 Bxf5 18.gxf5 Qc8 19.f6 Ng6 20.Ng5 gxf6 21.exf6 Rxe1 22.Rxe1 Re8
23.Nxf7+ Kg8 24.Rxe8+ Qxe8 25.Ng5 Qd7 26.Qe2 Bf8 27.f7+ Kg7 28.Qe8 Qe7 29.Ne6+ Kh6
30.Nxf8 Qxf8 31.Qxf8+ Nxf8 32.Bd6 Kg7 33.Kf3 Ne6 34.f8=Q+ Nxf8 35.Bxf8+ Kxf8
36.Kf4 Ke7 37.Ke5 a5 38.f4 a4 39.f5 a3 40.f6+ Kf7 41.Kf5 c5 42.Ke5 c4 43.Kxd5 Kxf6
44.Kxc4 h5 45.Kb5 Ke5 46.c4 h4 47.c5 Kd4 48.Kb4 Ke3 49.Kxa3 Kf4 50.Kb2 Kg3
51.a4 Kxh3 52.a5 Kg3 53.a6 bxa6 54.c6 h3 55.c7 h2 56.c8=Q h1=Q 57.Qxa6 Qh8+
58.c3 Qb8+ 59.Kc2 Kf4 60.Qf6+ Ke4 61.Qe6+ Kf4 62.Qd5 Qb6 63.c4 Qe3 64.Qd6+ Kf5
65.c5 Qe6 66.Qd3+ Kf6 67.Kc3 Ke7 68.Kb4 Qd7 69.Qg3 Qb7+ 70.Kc3 Kd7 71.Qd6+ Kc8
72.c6 Qb3+ 73.Kxb3  1/2-1/2

[Event "38th Olympiad"]
[Site "Dresden GER"]
[Date "2008.11.17"]
[Round "5"]
[White "Karjakin,Sergey"]
[Black "Polgar,Ju"]
[Result "1-0"]
[WhiteElo "2730"]
[BlackElo "2711"]

1.e4 e5 2.Nf3 Nf6 3.d4 exd4 4.e5 Ne4 5.Qxd4 d5 6.exd6 Nxd6 7.Nc3 Nc6 8.Qf4 Nf5
9.Bb5 Bd6 10.Qe4+ Ne7 11.Bg5 Bf5 12.Qxf5 Nxf5 13.Bxd8 Kxd8 14.O-O-O Re8 15.Ng5 f6
16.Nge4 Kc8 17.g3 Be5 18.Rhe1 Bxc3 19.bxc3 Re5 20.Bf1 Nd6 21.Nxd6+ cxd6 22.Rxe5 Nxe5
23.Rxd6 Kc7 24.Re6 Rd8 25.f4 Nc6 26.Bd3 h6 27.Kb2 Rd6 28.Re8 Rd8 29.Re1 Rd7
30.c4 b6 31.Kc3 Kd6 32.Bf5 Re7 33.Rd1+ Kc7 34.Rd5 Re3+ 35.Kd2 Re7 36.c5 Na5
37.cxb6+ axb6 38.Rd4 Kc6 39.Be4+ Kc5 40.Kc3 b5 41.Rd5+ Kb6 42.Bd3 Rc7+ 43.Kd4 Nc6+
44.Ke4 Re7+ 45.Kf5 b4 46.Kg6 Kc7 47.g4 Nd8 48.Bf5 Nb7 49.Rd4 Nd6 50.h4 h5
51.Kxh5 Nxf5 52.gxf5 Re2 53.Kg6  1-0

[Event "Richard Riordan GM Rapid"]
[Site "Natanya ISR"]
[Date "2009.07.13"]
[Round "6"]
[White "Polgar,Ju"]
[Black "Nepomniachtchi,I"]
[Result "0-1"]
[WhiteElo "2687"]
[BlackElo "2632"]

1.e4 c5 2.Nf3 d6 3.d4 cxd4 4.Nxd4 Nf6 5.Nc3 a6 6.Be3 e5 7.Nf3 Be7 8.Bc4 O-O
9.O-O Nc6 10.Qe2 Be6 11.Rfd1 Rc8 12.Nd5 Bxd5 13.Bxd5 Nxd5 14.Rxd5 Qc7 15.c3 Nb8
16.Bg5 f6 17.Be3 Nd7 18.Rad1 Rf7 19.a4 g6 20.h4 Nf8 21.h5 Qd7 22.Nh4 f5 23.Nf3 Qxa4
24.hxg6 hxg6 25.Ng5 Rg7 26.Bc1 f4 27.Nf3 Qc4 28.Qe1 g5 29.Nd2 Qc6 30.Qe2 g4
31.g3 f3 32.Nxf3 gxf3 33.Qxf3 Qe8 34.Kg2 Qg6 35.Rh1 Rc4 36.Re1 Ne6 37.b3 Rc8
38.Rh1 Rf7 39.Qd3 Rcf8 40.Rf1 Rf3 41.Qxf3 Rxf3 42.Kxf3 Bg5 43.Be3 Qh5+ 44.Kg2 Bxe3
45.fxe3 Ng5 46.Rxd6 Qh3+ 47.Kg1 Qxg3+ 48.Kh1 Qh3+ 49.Kg1 Qxe3+ 50.Kh1 Qxe4+
51.Kg1 Qg4+ 52.Kh1 Nf3  0-1

[Event "Richard Riordan GM Rapid"]
[Site "Natanya ISR"]
[Date "2009.07.13"]
[Round "8"]
[White "Polgar,Ju"]
[Black "Avrukh,B"]
[Result "1/2-1/2"]
[WhiteElo "2687"]
[BlackElo "2641"]

1.e4 e5 2.Nf3 Nc6 3.Bb5 a6 4.Ba4 Nf6 5.O-O Be7 6.Re1 b5 7.Bb3 d6 8.c3 O-O
9.h3 Nb8 10.d4 Nbd7 11.Nbd2 Bb7 12.Bc2 Re8 13.Nf1 Bf8 14.Ng3 g6 15.Bg5 h6
16.Bd2 c5 17.d5 c4 18.Qc1 h5 19.Bg5 Qc7 20.a4 Nh7 21.Bh6 Qd8 22.Ra3 Bxh6
23.Qxh6 Qf6 24.Rea1 Nc5 25.Qe3 Kg7 26.Ne2 Nf8 27.Ng5 Nh7 28.h4 Nxg5 29.hxg5 Qe7
30.Rf1 Rab8 31.axb5 axb5 32.Ra5 Bc8 33.f4 exf4 34.Qxf4 Bd7 35.Nd4 Ra8 36.Rxa8 Rxa8
37.Nf3 Re8 38.Nd4 Ra8 39.Qf2 Kg8 40.e5 Rf8 41.Nc6 Bxc6 42.dxc6 Nd3 43.Bxd3 cxd3
44.exd6 Qxd6 45.Qf3 d2 46.b4 Qe5  1/2-1/2

[Event "Richard Riordan GM Rapid"]
[Site "Natanya ISR"]
[Date "2009.07.14"]
[Round "12"]
[White "Polgar,Ju"]
[Black "Beliavsky,A"]
[Result "1/2-1/2"]
[WhiteElo "2687"]
[BlackElo "2662"]

1.e4 e5 2.Nf3 Nc6 3.Bb5 a6 4.Ba4 Nf6 5.O-O Be7 6.Re1 b5 7.Bb3 O-O 8.h3 d6
9.a3 Na5 10.Ba2 c5 11.d3 Nc6 12.Nc3 Bb7 13.Bd2 Nd4 14.Nxd4 cxd4 15.Ne2 d5
16.Ng3 dxe4 17.dxe4 Bc8 18.c3 Bc5 19.Rc1 Be6 20.Bxe6 fxe6 21.Qb3 Qb6 22.cxd4 Bxd4
23.Be3 Rfd8 24.Bxd4 Rxd4 25.Rcd1 Rad8 26.Rxd4 Rxd4 27.Re2 a5 28.Qc2 b4 29.axb4 Qxb4
30.Qc8+ Kf7 31.Qc7+ Nd7 32.Kh2 Rd3 33.Re3 Rd1 34.Rf3+ Ke7 35.Ne2 Qe1 36.Nc3 Qh1+
37.Kg3 Rg1 38.Kh4 Qxg2 39.Nd5+ exd5 40.Rf7+  1/2-1/2

[Event "Richard Riordan GM Blitz"]
[Site "Natanya ISR"]
[Date "2009.07.16"]
[Round "10"]
[White "Polgar,Ju"]
[Black "Najer,E"]
[Result "1-0"]
[WhiteElo "2687"]
[BlackElo "2663"]

1.e4 c5 2.Nf3 d6 3.d3 Nf6 4.d4 cxd4 5.Nc3 a6 6.Nxd4 e5 7.Be3 Be7 8.Nb3 O-O
9.f3 Bd7 10.Qd2 Be6 11.g4 d5 12.exd5 Nxd5 13.Nxd5 Qxd5 14.O-O-O Qxd2+ 15.Rxd2 Nd7
16.Bc4 Bxc4 17.Rxd7 Bh4 18.Nc5 Bb5 19.Rxb7 Bc6 20.Rb6 Bxf3 21.Rg1 a5 22.g5 Rfd8
23.a4 Rd5 24.b4 axb4 25.Rxb4 e4 26.Nxe4 Re5 27.Nd2 Rxe3 28.Rxh4 Bd5 29.Rd4 Be6
30.Rg3 Re2 31.Rgd3 Kf8 32.Rd8+ Rxd8 33.Rxd8+ Ke7 34.Rd4 Rxh2 35.a5 Rg2 36.Ne4 Bc8
37.Nd6 Ba6 38.Nf5+ Ke6 39.Nxg7+ Ke5 40.Rd7 Rxg5 41.Rxf7 h5 42.Ra7 Bb5 43.Rc7 Kd5
44.Rb7 Bc4 45.Ne8 h4 46.Rh7 Kc6 47.Rxh4 Bf7 48.Nf6 Rxa5 49.Rh6 Kb5 50.Ne4 Bd5
51.Nc3+ Kc4 52.Kd2 Bb7 53.Rh7 Ba6 54.Rh4+ Kc5 55.Rh5+ Kb6 56.Nd5+ Ka7 57.Rh7+ Bb7
58.Nb4 Rc5 59.Kd3 Rc8 60.c4 Rd8+ 61.Nd5 Rc8 62.Kd4 Kb8 63.Nb6 Rc7 64.Rh8+ Ka7
65.c5 Rg7 66.Nc4 Rg4+ 67.Kc3 Rg1 68.Nd6 Bc6 69.Rc8 Bh1 70.Rc7+ Kb8 71.Re7 Bc6
72.Kb4 Rb1+ 73.Ka5 Rb2 74.Ka6 Rb1 75.Rg7 Rb2 76.Nf5 Bb5+ 77.Ka5 Bc6 78.Nd4 Bd5
79.Rg5 Be4 80.Rg8+ Kc7 81.Rg7+ Kc8 82.Nb5 Bd3 83.Nd6+ Kb8 84.c6 Rc2 85.Rb7+ Ka8
86.c7 Bf5 87.Rb8+ Ka7 88.Nb5+  1-0

[Event "Richard Riordan GM Blitz"]
[Site "Natanya ISR"]
[Date "2009.07.16"]
[Round "12"]
[White "Polgar,Ju"]
[Black "Nepomniachtchi,I"]
[Result "0-1"]
[WhiteElo "2687"]
[BlackElo "2632"]

1.e4 c5 2.Nf3 d6 3.d4 cxd4 4.Nxd4 Nf6 5.Nc3 a6 6.Be3 e5 7.Nf3 Be7 8.Bc4 O-O
9.O-O Nc6 10.Qe2 Be6 11.Rad1 b5 12.Bb3 Rb8 13.Bg5 Nd7 14.Bxe7 Qxe7 15.Qd2 Bxb3
16.axb3 Rfc8 17.Qxd6 Qxd6 18.Rxd6 Nf6 19.Nd5 Nxd5 20.exd5 Nb4 21.c3 Nd3 22.Rxa6 f6
23.g3 Nxb2 24.Rc1 Nd3 25.Rd1 Rxc3 26.Rc6 Rxb3 27.Nd2 Ra3 28.Nb1 Ra1 29.Rxd3 Rxb1+
30.Kg2 Ra1 31.Rc7 Rd8 32.Rb7 Raa8 33.Rxb5 Rd7 34.g4 Kf7 35.Rb6 Rad8 36.Rb5 h5
37.gxh5 Rh8 38.h3 Rxh5 39.f3 Rh4 40.Kg3 Ra4 41.h4 Kg6 42.Rc5 Kf5 43.Rb5 g6
44.Rb6 Rh7 45.Rc3 Raxh4 46.Rcc6 Rh3+ 47.Kf2 Rh2+ 48.Ke3 Rf7 49.d6 Rd7 50.Rc7 Rhh7
51.Rc8 Rh1 52.Rc7 Ke6 53.f4 Rh3+ 54.Kf2 exf4 55.Rc4 g5 56.Re4+ Kf5 57.Rd4 Kg4
58.Kg2 Rdh7 59.Kf2 Rh2+ 60.Ke1 Ra2 61.Rd5  0-1

[Event "Richard Riordan GM Blitz"]
[Site "Natanya ISR"]
[Date "2009.07.16"]
[Round "13"]
[White "Fridman,D2"]
[Black "Polgar,Ju"]
[Result "1/2-1/2"]
[WhiteElo "2665"]
[BlackElo "2687"]

1.d4 Nf6 2.c4 g6 3.Nc3 Bg7 4.g3 O-O 5.Bg2 d6 6.Nf3 Nc6 7.O-O Rb8 8.e4 e5
9.d5 Ne7 10.b4 Ne8 11.c5 h6 12.Be3 b6 13.Qd2 Kh7 14.cxb6 axb6 15.a4 f5 16.Rfc1 f4
17.gxf4 exf4 18.Bxf4 Bg4 19.Ne1 g5 20.Bg3 Ng6 21.Ra3 h5 22.h3 Bd7 23.Nb5 Ra8
24.Nd4 h4 25.Bh2 Nf4 26.Nf5 Nxg2 27.Nxg2 Bxf5 28.exf5 Bh6 29.Qc2 Rf7 30.Ne3 Nf6
31.Ng4 Bg7 32.f4 Kh8 33.Qd1 gxf4 34.Bxf4 Qd7 35.Nxf6 Bxf6 36.Qc2 Rg7+ 37.Kh1 Qf7
38.Rd3 Qh5 39.Re3 Rag8 40.Qe4 Re7 41.Qf3 Qxf3+ 42.Rxf3 Re4 43.Rxc7 Re1+ 44.Kh2 Re2+
45.Kh1 Re1+ 46.Kh2  1/2-1/2

[Event "Champions Rapid"]
[Site "Zuerich SUI"]
[Date "2009.08.23"]
[Round "5"]
[White "Polgar,Ju"]
[Black "Topalov,V"]
[Result "1/2-1/2"]
[WhiteElo "2687"]
[BlackElo "2813"]

1.e4 e5 2.Nf3 Nc6 3.Bb5 Nf6 4.d3 Bc5 5.O-O d6 6.Nc3 O-O 7.h3 h6 8.Be3 Bb6
9.Bxc6 bxc6 10.d4 Qe7 11.Re1 Rb8 12.dxe5 dxe5 13.Bxb6 cxb6 14.Qd3 Rd8 15.Qe3 Bb7
16.Nh4 Qe6 17.Nf5 Kh7 18.Rad1 c5 19.f3 Bc6 20.a4 Ng8 21.Qe2 g6 22.Ne3 Nf6
23.Nb5 Qe7 24.b3 Kg7 25.Nc3 Rd4 26.Ncd5 Bxd5 27.exd5 Rd8 28.c3 Rxd1 29.Rxd1 h5
30.c4 Ne8 31.Re1 Nd6 32.Nd1 Re8 33.Nc3 a5 34.Nb5 Nf5 35.Qe4 f6 36.Qd3 Qd7
37.Qe4 Nd4 38.Qd3 f5 39.Nxd4 exd4 40.Qd2 Re7 41.Kf2 Qe8 42.Rxe7+ Qxe7 43.Qf4  1/2-1/2

[Event "Champions Rapid"]
[Site "Zuerich SUI"]
[Date "2009.08.23"]
[Round "7"]
[White "Hug,W"]
[Black "Polgar,Ju"]
[Result "1/2-1/2"]
[WhiteElo "2453"]
[BlackElo "2687"]

1.d4 Nf6 2.Nf3 g6 3.Bg5 Bg7 4.Nbd2 d5 5.e3 O-O 6.Be2 Nbd7 7.O-O b6 8.a4 c5
9.c3 Bb7 10.a5 h6 11.Bh4 g5 12.Bg3 Nh5 13.Qa4 Nxg3 14.hxg3 Qc7 15.Bb5 Rad8
16.axb6 axb6 17.Qb3 Nf6 18.Ra7 Qb8 19.Rfa1 Ne4 20.Nxe4 dxe4 21.Ne5 Bxe5 22.dxe5 Bd5
23.c4 Be6 24.Bc6 Qxe5 25.Qc2 Rd3 26.Rxe7 Rfd8 27.Bd5 Qf6 28.Raa7 Bxd5 29.cxd5 R8xd5
30.Rxf7 Qxf7 31.Rxf7 Kxf7 32.g4 b5 33.b3 Ke6 34.Kh2 Ke7 35.Qb2 Rd2 36.Qg7+ Kd8
37.Qxh6 Kc7 38.Qa6 Rxf2 39.Qxb5 Rf6 40.Qe8 Kd6 41.Qd8+ Ke6 42.Qe8+ Kd6  1/2-1/2

[Event "World Blitz"]
[Site "Moscow RUS"]
[Date "2009.11.16"]
[Round "9"]
[White "Svidler,P"]
[Black "Polgar,Ju"]
[Result "1-0"]
[WhiteElo "2754"]
[BlackElo "2680"]

1.e4 e5 2.Nf3 Nc6 3.Bb5 a6 4.Ba4 Nf6 5.O-O Nxe4 6.d4 b5 7.Bb3 d5 8.dxe5 Be6
9.Nbd2 Nxd2 10.Bxd2 Be7 11.Qe2 g5 12.c3 g4 13.Nd4 Qd7 14.Nxe6 Qxe6 15.Rae1 Na5
16.Bc2 Nc4 17.Bc1 h5 18.f4 h4 19.f5 Qb6+ 20.Kh1 h3 21.Qxg4 hxg2+ 22.Kxg2 O-O-O
23.f6+ Kb7 24.fxe7 Rdg8 25.Bg5 Rg7 26.h4 Re8 27.b3 Na3 28.Bd3 Qc6 29.Kh2 Rxe7
30.Qf3 Re6 31.Bf5 Re8 32.Bf6 Rgg8 33.Rg1 a5 34.Rxg8 Rxg8 35.Rd1 Kb8 36.Rxd5 Qb6
37.Rd8+ Rxd8 38.Bxd8 Qc5 39.Bf6 b4 40.cxb4 axb4 41.h5 Qd4 42.Kh3 Qd2 43.e6 fxe6
44.Bxe6 Nb5 45.Bg4 Nc3 46.Be5 Qe1 47.Bg3 Qc1 48.Kh4 Nxa2 49.Qf8+ Kb7 50.Bf3+ c6
51.Qe7+ Kb6 52.Qc7+ Kb5 53.Qb7+ Kc5 54.Qxc6+ Kd4 55.Qxc1  1-0

[Event "World Blitz"]
[Site "Moscow RUS"]
[Date "2009.11.16"]
[Round "10"]
[White "Polgar,Ju"]
[Black "Ponomariov,R"]
[Result "0-1"]
[WhiteElo "2680"]
[BlackElo "2739"]

1.e4 e5 2.Nf3 Nc6 3.Bb5 Nf6 4.O-O Nxe4 5.d4 Nd6 6.Bxc6 dxc6 7.dxe5 Nf5 8.Qxd8+ Kxd8
9.Nc3 h6 10.h3 Bd7 11.Rd1 Kc8 12.Ne4 b6 13.g4 Ne7 14.Ng3 c5 15.b3 Be6 16.c4 Kb7
17.Bb2 g5 18.Nh5 Ng6 19.Nd2 a6 20.Ne4 b5 21.Rac1 bxc4 22.bxc4 Kc6 23.Nef6 Rb8
24.Bc3 Be7 25.Nd5 Rhd8 26.Nxe7+ Nxe7 27.Rxd8 Rxd8 28.a3 Ng6 29.Ng7 Nf4 30.Kh2 Rd3
31.Nxe6 fxe6 32.Rc2 Rxh3+ 33.Kg1 Rxc3  0-1